000
00339pab a2200145 454500
008
180718b1983 xxu||||| |||| 00| 0 eng d
100
_a
Noorani, A.G.
245
_a
Curbing AIR's partisanship
260
_c
1983
300
_a
6
362
_a
31 Jan.
650
_a
Radio Braodcasting - India
773
_a
Indian Express
909
_a
17011
999
_c
17011
_d
17011